[Event "SUI-chT"]
[Site "Switzerland"]
[Date "2004.04.18"]
[Round "3.3"]
[White "Domont, Alexandre"]
[Black "Montoro, Andreas"]
[Result "1-0"]
[WhiteElo "2408"]
[BlackElo "2239"]
[PlyCount "55"]
[EventDate "2004.02.29"]
[EventType "team-tourn"]
[EventRounds "9"]
[EventCountry "SUI"]
[SourceTitle "EXT 2005"]
[Source "ChessBase"]
[SourceDate "2004.11.15"]
[SourceVersion "1"]
[SourceVersionDate "2004.11.15"]
[SourceQuality "1"]
[WhiteTeam "Biel"]
[BlackTeam "Roessli"]
[WhiteTeamCountry "SUI"]
[BlackTeamCountry "SUI"]

1. e4 g6 2. d4 Bg7 3. Nc3 d6 4. Be3 Nd7 5. Qd2 a6 6. Nf3 h6 7. a4 b6 8. d5 Bb7 9. Nd4 Ngf6 10. Be2 Nc5 11. f3 e5 12. Nc6 Bxc6 13. dxc6 Ne6 14. Bc4 Kf8 15. 0-0 g5 16. Qd3 a5 17. Nb5 Ne8 18. c3 Qe7 19. Kh1 Bf6 20. g3 Kg7 21. f4 exf4 22. gxf4 gxf4 23. Bxf4 Bg5 24. Nd4 Nxd4 25. Bxg5 f6 26. Bxf6+ Nxf6 27. Qxd4 Rae8 28. Rxf6 1-0

[Event "SUI-chT"]
[Site "Switzerland"]
[Date "2004.03.21"]
[Round "2.4"]
[White "Schmidt Schaeffer, Sebastian"]
[Black "Montoro, Andreas"]
[Result "0-1"]
[WhiteElo "2291"]
[BlackElo "2239"]
[PlyCount "95"]
[EventDate "2004.02.29"]
[EventType "team-tourn"]
[EventRounds "9"]
[EventCountry "SUI"]
[SourceTitle "CBM 099 Extra"]
[Source "ChessBase"]
[SourceDate "2004.05.04"]
[SourceVersion "1"]
[SourceVersionDate "2004.05.04"]
[SourceQuality "1"]
[WhiteTeam "Riehen"]
[BlackTeam "Roessli"]
[WhiteTeamCountry "SUI"]
[BlackTeamCountry "SUI"]

1. e4 c5 2. Nf3 d6 3. d4 cxd4 4. Nxd4 Nf6 5. Nc3 a6 6. Bg5 e6 7. f4 Qb6 8. Qd2 Qxb2 9. Rb1 Qa3 10. Bxf6 gxf6 11. Be2 Qa5 12. 0-0 Nc6 13. Nxc6 bxc6 14. Kh1 h5 15. Qe3 h4 16. e5 d5 17. exf6 Bb4 18. Rb3 Rh6 19. f5 Rxf6 20. Qe5 Be7 21. Ne4 Rxf5 22. Rxf5 exf5 23. Qh8+ Kd7 24. Nc3 Qd8 25. Qh7 Kc7 26. Qxf7 Qd6 27. Nxd5+ cxd5 28. Re3 Kd8 29. Bh5 Bd7 30. Qg8+ Bf8 31. Qg5+ Kc7 32. Rc3+ Kb7 33. Rb3+ Ka7 34. Qxh4 Rb8 35. Qd4+ Qc5 36. Qd1 Rxb3 37. axb3 Bc6 38. Bf3 Bg7 39. h4 Qd4 40. Qxd4+ Bxd4 41. g4 fxg4 42. Bxg4 Kb6 43. Kg2 Be3 44. Kf3 Bh6 45. Bf5 Kc5 46. Kg4 a5 47. Kh5 Bd2 48. Kg6 0-1

[Event "Oberliga Baden 0203"]
[Site "Germany"]
[Date "2003.03.09"]
[Round "8.4"]
[White "Montoro, Andreas"]
[Black "Wind, Lutz"]
[Result "1-0"]
[WhiteElo "2168"]
[BlackElo "2225"]
[PlyCount "109"]
[EventDate "2002.10.20"]
[EventType "team-tourn"]
[EventRounds "9"]
[EventCountry "GER"]
[SourceTitle "EXT 2018"]
[Source "ChessBase"]
[SourceDate "2017.10.13"]
[SourceVersion "1"]
[SourceVersionDate "2017.10.13"]
[SourceQuality "1"]
[WhiteTeam "Dreisamtal"]
[BlackTeam "Heidelberg II"]
[WhiteTeamCountry "GER"]
[BlackTeamCountry "GER"]

1. Nf3 Nf6 2. c4 g6 3. b3 Bg7 4. Bb2 0-0 5. Qc2 d6 6. e4 e5 7. d3 Nc6 8. Nbd2 a5 9. Be2 Nh5 10. g3 f5 11. a3 Nf6 12. 0-0-0 Ng4 13. Rdf1 fxe4 14. dxe4 Nd4 15. Bxd4 exd4 16. h3 Nh6 17. Ne1 Be6 18. f4 c6 19. g4 g5 20. f5 Bd7 21. Ndf3 Qe7 22. Bd3 Bf6 23. Kb2 Nf7 24. Ka2 b5 25. Ng2 Kg7 26. h4 h6 27. Rh3 a4 28. b4 bxc4 29. Bxc4 d5 30. exd5 cxd5 31. Bxd5 Rac8 32. Qd2 Qd6 33. Be4 Bb5 34. Rd1 Bc4+ 35. Kb1 Bb3 36. hxg5 hxg5 37. Rdh1 d3 38. Bxd3 Rfd8 39. Nge1 Ne5 40. Rh7+ Kg8 41. Qh2 Nf7 42. Qxd6 Rxd6 43. Bc2 Rdc6 44. R7h2 Nd6 45. Rh6 Bg7 46. Rg6 Nb5 47. Bxb3+ axb3 48. Rxg7+ Kxg7 49. Kb2 Rc3 50. Nxg5 Ra8 51. Rh7+ Kg8 52. f6 Rac8 53. f7+ Kf8 54. Ne6+ Ke7 55. f8Q+ 1-0

[Event "Oberliga Baden 0203"]
[Site "Germany"]
[Date "2002.11.17"]
[Round "2.4"]
[White "Montoro, Andreas"]
[Black "Palmer, Christian"]
[Result "1-0"]
[WhiteElo "2168"]
[BlackElo "2194"]
[PlyCount "69"]
[EventDate "2002.10.20"]
[EventType "team-tourn"]
[EventRounds "9"]
[EventCountry "GER"]
[SourceTitle "EXT 2018"]
[Source "ChessBase"]
[SourceDate "2017.10.13"]
[SourceVersion "1"]
[SourceVersionDate "2017.10.13"]
[SourceQuality "1"]
[WhiteTeam "Dreisamtal"]
[BlackTeam "Waldshut"]
[WhiteTeamCountry "GER"]
[BlackTeamCountry "GER"]

1. Nf3 c5 2. e4 Nf6 3. Nc3 Nc6 4. d4 d5 5. exd5 Nxd5 6. Bb5 Nxc3 7. bxc3 Qa5 8. Bxc6+ bxc6 9. Bd2 Ba6 10. Ne5 f6 11. Qf3 Rc8 12. Qh5+ g6 13. Nxg6 hxg6 14. Qxh8 Qb5 15. Kd1 cxd4 16. Qg8 Qb2 17. Qxg6+ Kd7 18. Rc1 dxc3 19. Qg4+ e6 20. Qd4+ Ke8 21. Qxc3 Qb5 22. Qe3 Qd5 23. Re1 e5 24. Qe4 Qxa2 25. Qg6+ Ke7 26. f4 Rd8 27. fxe5 f5 28. Qf6+ Ke8 29. Qxc6+ Ke7 30. Qf6+ Ke8 31. e6 Rxd2+ 32. Kxd2 Qd5+ 33. Kc3 Qc4+ 34. Kb2 Qb4+ 35. Ka1 1-0

[Event "Oberliga Baden 0203"]
[Site "Germany"]
[Date "2002.10.20"]
[Round "1.3"]
[White "Hund, Barbara"]
[Black "Montoro, Andreas"]
[Result "1-0"]
[WhiteElo "2285"]
[BlackElo "2168"]
[PlyCount "77"]
[EventDate "2002.10.20"]
[EventType "team-tourn"]
[EventRounds "9"]
[EventCountry "GER"]
[SourceTitle "EXT 2018"]
[Source "ChessBase"]
[SourceDate "2017.10.13"]
[SourceVersion "1"]
[SourceVersionDate "2017.10.13"]
[SourceQuality "1"]
[WhiteTeam "Freiburg"]
[BlackTeam "Dreisamtal"]
[WhiteTeamCountry "GER"]
[BlackTeamCountry "GER"]

1. e4 c5 2. Nf3 d6 3. d4 cxd4 4. Nxd4 Nf6 5. Nc3 a6 6. f4 e6 7. a4 d5 8. e5 Nfd7 9. Nce2 Nc6 10. g3 Bc5 11. c3 0-0 12. Bh3 Qe7 13. 0-0 f6 14. Kg2 f5 15. g4 g6 16. gxf5 gxf5 17. Ng3 Kh8 18. Be3 Nxd4 19. Bxd4 Nb8 20. Bxc5 Qxc5 21. Nh5 b5 22. Kh1 Bd7 23. Nf6 Be8 24. Qe1 Ra7 25. Rg1 d4 26. cxd4 Qxd4 27. Qh4 Raf7 28. Rg3 Rxf6 29. exf6 Qxf6 30. Qxf6+ Rxf6 31. axb5 Bxb5 32. Rc1 Rf8 33. Bf1 Bc6+ 34. Bg2 Bb5 35. Rc7 Rd8 36. h4 Nd7 37. Bc6 Nf6 38. Bxb5 axb5 39. Rgg7 1-0

[Event "SUI-chT"]
[Site "Switzerland"]
[Date "1994.??.??"]
[Round "6"]
[White "Milosevic, Goran"]
[Black "Montoro, Andreas"]
[Result "1/2-1/2"]
[WhiteElo "2395"]
[BlackElo "2110"]
[PlyCount "82"]
[EventDate "1994.??.??"]
[EventType "team-tourn"]
[EventRounds "9"]
[EventCountry "SUI"]
[SourceTitle "EXT 2000"]
[Source "ChessBase"]
[SourceDate "1999.11.16"]
[SourceVersion "1"]
[SourceVersionDate "1999.11.16"]
[SourceQuality "1"]

1. e4 c5 2. Nf3 d6 3. d4 cxd4 4. Nxd4 Nf6 5. Nc3 a6 6. g3 e6 7. Bg2 Qc7 8. 0-0 Be7 9. a4 Nc6 10. Nb3 b6 11. f4 Bb7 12. Qe2 0-0 13. Be3 Na5 14. Rad1 Nc4 15. Bc1 Rfd8 16. g4 d5 17. exd5 Nxd5 18. Nxd5 exd5 19. Nd4 Bc5 20. Kh1 Re8 21. Qd3 Nd6 22. c3 Qd7 23. f5 Qxa4 24. b4 Bxd4 25. Qxd4 Ne4 26. f6 Qc6 27. fxg7 Qg6 28. Be3 Re6 29. Rf4 f6 30. Bxe4 dxe4 31. Qd7 Bc8 32. Qd8+ Re8 33. Qxb6 Bxg4 34. Rg1 f5 35. h3 Qxb6 36. Bxb6 Bxh3 37. Bd4 Rac8 38. Ra1 Rc6 39. Kh2 Bg4 40. Kg3 Rh6 41. Rf2 Rh3+ 1/2-1/2